Major islands/chains - Statistics

General Stats
  • This quiz has been taken 11 times
  • The average score is 106 of 249
Answer Stats
Country Answer % Correct
Cuba Cuba
100%
Cyprus Cyprus
100%
Jamaica Jamaica
100%
Malta Malta
100%
Sao Tome and Principe Sao Tome
100%
St Kitts and Nevis St Kitts
100%
Taiwan Taiwan
100%
Antigua and Barbuda Antigua
89%
Bahamas Bahamas
89%
Barbados Barbados
89%
Spain Canary Islands
89%
Cape Verde Cape Verde
89%
Denmark Greenland
89%
Madagascar Madagascar
89%
Marshall Islands Marshall Islands
89%
Mauritius Mauritius
89%
Nauru Nauru
89%
Palau Palau
89%
Samoa Samoa
89%
Singapore Singapore
89%
Sri Lanka Sri Lanka
89%
St Lucia St Lucia
89%
St Vincent and the Grenadines St Vincent
89%
Antigua and Barbuda Barbuda
78%
France Corsica
78%
Dominica Dominica
78%
St Vincent and the Grenadines Grenadines
78%
Japan Hokkaido
78%
Spain Ibiza
78%
Iceland Iceland
78%
Ireland/UK Ireland
78%
UK Isle of Man
78%
UK Jersey
78%
Maldives Maldives
78%
Spain Mallorca
78%
F.D.Mirconesia Micronesia
78%
St Kitts and Nevis Nevis
78%
Canada Newfoundland
78%
New Zealand North Island
78%
Canada Prince Edward
78%
Sao Tome and Principe Principe
78%
Italy Sardinia
78%
UK Shetland
78%
Italy Sicily
78%
Solomon Islands Solomon Islands
78%
New Zealand South Island
78%
Tuvalu Tuvalu
78%
Vanuatu Vanuatu
78%
Finland Aland Islands
67%
UK Anguilla
67%
Netherlands Aruba
67%
UK Bermuda
67%
Netherlands Bonaire
67%
UK Cayman
67%
Comoros Comoros
67%
Greece Crete
67%
Netherlands Curacao
67%
Denmark Faroe
67%
Grenada Grenada
67%
USA Hawaii
67%
Haiti/Dominican Republiv Hispaniola
67%
Japan Honshu
67%
UK Isle of Wight
67%
Indonesia Java
67%
Spain Menorca
67%
UK Orkney
67%
Greece Rhodes
67%
France/Netherlands St Martin
67%
Norway Svalbard
67%
Tonga Tonga
67%
Trinidad and Tobago Trinidad
67%
UK Turks and Caicos
67%
US US Virgin Islands
67%
Canada Vancouver
67%
USA Aleutian Islands
56%
India Andaman
56%
Portugal Azores
56%
Canada Baffin
56%
Bahrain Bahrain
56%
Canada Banks
56%
Indonesia Borneo
56%
UK British Virgin Islands
56%
Canada Ellesmere
56%
UK Falkland Islands
56%
Ecaudor Galapagos
56%
Sweden Gotland
56%
France Guadeloupe
56%
USA Guam
56%
UK Hebrides
56%
USA Key West
56%
Japan Kyushu
56%
USA Long Island
56%
Philippines Luzon
56%
Portugal Madeira
56%
France Martinique
56%
Philippines Mindanao
56%
UK Montserrat
56%
France New Caledonia
56%
Indonesia/Papua New Guinea New Guinea
56%
New Zealand Niue
56%
Australia Norfolk Island
56%
USA O'ahu
56%
Japan Okinawa
56%
UK Pitcairn
56%
Russia Sakhalin
56%
UK St Helena
56%
Indonesia Sulawesi
56%
Indonesia Sumatra
56%
Australia Tasmania
56%
Indonesia/East Timor Timor
56%
Trinidad and Tobago Tobago
56%
Canada Victoria
56%
UK (Wales) Anglesey
44%
UK Ascension
44%
Indonesia Bali
44%
UK Britain
44%
Philippines Cebu
44%
Australia Christmas
44%
New Zealand Cook Islands
44%
Greece Corfu
44%
Chile Easter
44%
Italy Elba
44%
Fiji Fiji
44%
Indonesia Flores
44%
France Futuna
44%
China Hong Kong
44%
Russia/Japan Kuril Islands
44%
USA Manhattan
44%
France Miquelon
44%
USA Northern Mariana Islands
44%
USA Puerto Rico
44%
France Reunion
44%
Netherlands Saba
44%
Japan Shikoku
44%
Denmark Sjaelland
44%
Yemen Socotra
44%
Netherlands St Eustatius
44%
France St Pierre
44%
France Tahiti
44%
UK Tristan Da Cunha
44%
USA Wake
44%
France Wallis
44%
Tanzania Zanzibar
44%
Equatorial Guinea Bioko
33%
Papua New Guinea Bismarck Archipelago
33%
Papua New Guinea Bougainville
33%
Norway Bouvet
33%
China Hainan
33%
Norway Jan Mayen
33%
France Mayotte
33%
USA Midway
33%
Philippines Palawan
33%
Estonia Saaremaa
33%
UK South Georgia
33%
UK South Sandwich Islands
33%
France St Barthelemy
33%
New Zealand Tokelau
33%
Equatorial Guinea Annobon
22%
Mauritius Chagos Archipelago
22%
France Clipperton
22%
Australia Coral Sea Islands
22%
France Crozet Islands
22%
Tunisia Djerba
22%
UK Guernsey
22%
Canada Haida Gwaii
22%
France Isle Amsterdam
22%
USA Johnston Atoll
22%
USA Kauai
22%
France Kerguelen Islands
22%
India Lakshadweep
22%
USA Maui
22%
USA Navassa
22%
India Nicobar
22%
UK Rockall
22%
Canada Southampton
22%
Italy Venice
22%
Canada Axel Heiberg
11%
USA Baker
11%
Canada Bathurst
11%
Russia Bol'shevik
11%
France Bora Bora
11%
Denmark Bornholm
11%
New Zealand Chatham
11%
Australia Cocos
11%
Canada Devon
11%
France Europa
11%
Russia Franz Josef land
11%
Kiribati Gilbert Islands
11%
UK Gough
11%
Canada/Denmark Hans
11%
Australia Heard Island
11%
Iran Hormuz
11%
France Isle St Paul
11%
Thailand James Bond
11%
USA Key Largo
11%
USA Kingman reef
11%
Kiribati/USA Line Islands
11%
Australia Lord Howe Island
11%
France Marquesas Islands
11%
Canada Melville
11%
Philippines Mindoro
11%
Philippines Negros
11%
Russia Novaya Zemlya
11%
USA Palmyra reef
11%
Canada Prince Charles
11%
South Africa Prince Edward Islands
11%
Canada Prince of Wales
11%
Japan Ryuku
11%
Philippines Samar
11%
Seychelles Seychelles
11%
France Society Islands
11%
Japan Volcano Islands
11%
New Zealand Antipodes
0%
Australia Ashmore and Cartier Islands
0%
New Zealand Aukland
0%
New Zealand Balleny Islands
0%
France Bassas da India
0%
Norway Bjornoya
0%
Japan Bonin Islands
0%
New Zealand Bounty
0%
New Zealand Campbell
0%
Canada Cornwall
0%
Canada Cornwallis
0%
Japan Daito Jima
0%
UK Ducie
0%
France Gambier Island
0%
France Glorioso
0%
UK Henderson
0%
USA Howland
0%
USA Jarvis
0%
France Juan de Nova
0%
New Zealand Kermadec Islands
0%
France Loyalty Islands
0%
Australia Macquarie
0%
Australia McDonald Island
0%
UK Oeno
0%
China Paracel Islands
0%
Norway Peter the first island
0%
Kiribati Phoenix Islands
0%
Canada Sable
0%
Brazil Sao Paulo
0%
Brazil Sao Pedro
0%
China Spratly Islands
0%
Philippines Sulu
0%
Japan Tori Shima
0%
France Tromelin
0%
France Tuamotu Islands
0%
France Tubuai Islands
0%
Russia Wrangle
0%
No matching quizzes found
Score Distribution
Percent of People with Each Score
Percentile by Number Answered
Your Score History
You have not taken this quiz